Wort-Kette: Wörter mit 4 Buchstaben - Statistiken

Allgemein
  • Dieses Quiz wurde 277 mal gespielt
  • Das Durchschnittsergebnis liegt bei 11 aus 30
Antwortstatistiken
Hint Antwort % Korrekt
Verkehrsbehinderung Stau
75%
Schachfigur Turm
63%
Kartenspiel Skat
59%
Berg in Japan Fuji
58%
Brotform Laib
54%
eurasisches Gebirge Ural
54%
Warengebühr Zoll
53%
Liebesgott Eros
49%
Hartschalenfrucht Nuss
49%
Eisenoxyd Rost
49%
Fischöl Tran
48%
Nebenfluss der Donau Isar
45%
Laubbaum Erle
43%
Nutzpflanze Hanf
42%
anderer Name für Biene Imme
42%
Marder Nerz
37%
Tonintervall Terz
35%
Sohn des Isaak Esau
34%
Staat in Asien Iran
32%
Insekt Laus
32%
Beruf Koch
28%
Wickelrock Sari
28%
Derber Witz Zote
25%
Halbaffe Maki
20%
Körperteil Mund
20%
Schiffsteil Deck
17%
Werkzeug Säge
16%
Stadt in den Niederlanden Edam
15%
trockene Baumrinde Bast
12%
Zarenerlass Ukas
11%
Keine übereinstimmenden Quizze gefunden
Verteilung der Resultate
Anzahl Personen mit jedem Resultat
Perzentil nach korrekt beantworteten Fragen
Ihre Resultats-Entwicklung
Sie haben dieses Quiz noch nicht gespielt